The Oxford handbook of strategy (Record no. 111737)

MARC details
000 -LEADER
campo de control de longitud fija 00924nam a2200301Mi 4500
001 - NÚMERO DE CONTROL
campo de control 87798
005 - FECHA Y HORA DE LA ÚLTIMA TRANSACCIÓN
campo de control 20230411090046.0
008 - DATOS DE LONGITUD FIJA--INFORMACIÓN GENERAL
campo de control de longitud fija 100226s2006 xxk s 000 0 eng d
035 ## - NÚMERO DE CONTROL DEL SISTEMA
Número de control de sistema (OCoLC)ocn529900796
040 ## - FUENTE DE CATALOGACIÓN
Centro catalogador/agencia de origen NLGGC
Lengua de catalogación dut
Centro/agencia transcriptor NLGGC
Normas de descripción fobidrtb
020 ## - NÚMERO INTERNACIONAL ESTÁNDAR DEL LIBRO
Número Internacional Estándar del Libro 0199275211 (pbk)
020 ## - NÚMERO INTERNACIONAL ESTÁNDAR DEL LIBRO
Número Internacional Estándar del Libro 9780199275212 (pbk)
029 0# - OTRO NÚMERO DE CONTROL DE SISTEMA (OCLC)
Identificador de la biblioteca OCLC NLGGC
Número de control de sistema 325616914
035 ## - NÚMERO DE CONTROL DEL SISTEMA
Número de control de sistema (OCoLC)529900796
084 ## - OTRO NÚMERO DE CLASIFICACIÓN
Número de clasificación 85.10
Fuente del número bcl
049 ## - FONDOS LOCALES (OCLC)
Biblioteca depositaria GRAL
245 04 - MENCIÓN DEL TÍTULO
Título The Oxford handbook of strategy
Medio [elektronische middelen] /
Mención de responsabilidad, etc. ed. by David O. Faulkner and Andrew Campbell.
260 ## - PUBLICACIÓN, DISTRIBUCIÓN, ETC.
Lugar de publicación, distribución, etc. Oxford [etc.] :
Nombre del editor, distribuidor, etc. Oxford University Press,
Fecha de publicación, distribución, etc. 2006.
300 ## - DESCRIPCIÓN FÍSICA
Extensión xxx, 1031 p. :
Otras características físicas ill.
534 ## - NOTA SOBRE LA VERSIÓN ORIGINAL
Frase introductoria Oorspr. geb. uitg. in 2 dl.:
Publicación, distribución, etc. del original 2003.
650 17 - PUNTO DE ACCESO ADICIONAL DE MATERIA--TÉRMINO DE MATERIA
Término de materia o nombre geográfico como elemento de entrada Strategisch management.
Fuente del encabezamiento o término gtt
655 #7 - TERMINO DE INDIZACIÓN--GENERO/FORMA
Datos o término principal de género/forma Handboeken (vorm)
Fuente del término gtt
700 1# - ENTRADA AGREGADA--NOMBRE PERSONAL
Nombre de persona Faulkner, David,
Fechas asociadas al nombre 1938-
700 1# - ENTRADA AGREGADA--NOMBRE PERSONAL
Nombre de persona Campbell, Andrew.
942 ## - ELEMENTOS DE ENTRADA SECUNDARIOS (KOHA)
Fuente del sistema de clasificación o colocación Clasificación de Library of Congress
Tipo de ítem Koha
994 ## -
-- C0
-- DRFGD
946 ## - PROCESAMIENTO DE INFORMACIÓN LOCAL (OCLC)
a MF
Holdings
Estatus retirado Estado de pérdida Fuente del sistema de clasificación o colocación Estado de daño No para préstamo Colección Biblioteca de origen Biblioteca actual Ubicación en estantería Fecha de adquisición Código de barras Visto por última vez Copia número Tipo de ítem Koha
    Clasificación de Library of Congress     Automatización y Procesos Técnicos Biblioteca Juan Bosch Biblioteca Juan Bosch Automatización y Procesos Técnicos (1er. Piso) 11/04/2023 00000081671 17/02/2019 1